[Event "Extraliga 2018/2019"]
[Site "Praha"]
[Date "2019.01.12"]
[Round "5.1"]
[White "UNA1 Nguyen Thai Dai Van GM 2556"]
[Black "DUR1 Huschenbeth Niclas GM 2589"]
[Result "1-0"]
[BlackElo "2589"]
[WhiteElo "2556"]
[LiveChessVersion "1.4.8"]

1. e4 {[%clk 1:30:53]} e5 {[%clk 1:30:54]} 2. Nf3 {[%clk 1:31:14]} Nc6
{[%clk 1:31:20]} 3. Bb5 {[%clk 1:31:31]} a6 {[%clk 1:31:41]} 4. Ba4
{[%clk 1:31:57]} Nf6 {[%clk 1:32:06]} 5. O-O {[%clk 1:32:12]} d6 {[%clk 1:32:26]}
6. Bxc6+ {[%clk 1:28:20]} bxc6 {[%clk 1:32:52]} 7. d4 {[%clk 1:28:46]} exd4
{[%clk 1:33:17]} 8. Nxd4 {[%clk 1:29:06]} c5 {[%clk 1:33:36]} 9. Nc6
{[%clk 1:27:13]} Qd7 {[%clk 1:34:02]} 10. Na5 {[%clk 1:27:38]} Qa4
{[%clk 1:34:10]} 11. Qe1 {[%clk 1:25:50]} Be7 {[%clk 1:31:53]} 12. c4
{[%clk 1:21:56]} O-O {[%clk 1:27:28]} 13. Bd2 {[%clk 1:08:00]} Re8
{[%clk 1:21:06]} 14. f3 {[%clk 1:03:59]} Be6 {[%clk 1:18:35]} 15. Bc3
{[%clk 0:41:20]} Nh5 {[%clk 0:34:26]} 16. Qd2 {[%clk 0:31:32]} Bf6
{[%clk 0:29:46]} 17. Bxf6 {[%clk 0:30:02]} Nxf6 {[%clk 0:30:13]} 18. b3
{[%clk 0:29:50]} Qd7 {[%clk 0:29:56]} 19. Nc3 {[%clk 0:29:30]} c6
{[%clk 0:27:41]} 20. e5 {[%clk 0:28:44]} dxe5 {[%clk 0:26:45]} 21. Qxd7
{[%clk 0:29:08]} Nxd7 {[%clk 0:18:32]} 22. Rad1 {[%clk 0:26:52]} Rac8
{[%clk 0:14:36]} 23. Rd6 {[%clk 0:26:41]} Nb8 {[%clk 0:14:23]} 24. Nb7
{[%clk 0:19:01]} h5 {[%clk 0:08:20]} 25. Nxc5 {[%clk 0:16:31]} Bf5
{[%clk 0:08:46]} 26. Rfd1 {[%clk 0:15:56]} Kf8 {[%clk 0:06:38]} 27. N3e4
{[%clk 0:14:52]} Ke7 {[%clk 0:05:17]} 28. R6d2 {[%clk 0:14:37]} Bxe4
{[%clk 0:05:19]} 29. Nxe4 {[%clk 0:14:56]} Rh8 {[%clk 0:04:07]} 30. Nd6
{[%clk 0:14:05]} Rc7 {[%clk 0:03:31]} 31. f4 {[%clk 0:09:05]} f6 {[%clk 0:03:12]}
32. fxe5 {[%clk 0:09:28]} fxe5 {[%clk 0:03:40]} 33. Rf1 {[%clk 0:08:36]} Ke6
{[%clk 0:01:22]} 34. Ne4 {[%clk 0:08:51]} Ke7 {[%clk 0:01:07]} 35. Ng5
{[%clk 0:07:50]} Ke8 {[%clk 0:01:16]} 36. Ne6 {[%clk 0:06:55]} Rd7
{[%clk 0:01:45]} 37. Re2 {[%clk 0:06:48]} Rf7 {[%clk 0:01:42]} 38. Rxe5
{[%clk 0:06:25]} Rxf1+ {[%clk 0:02:04]} 39. Kxf1 {[%clk 0:06:52]} Kf7
{[%clk 0:02:12]} 40. Nc5 {[%clk 0:06:03]} h4 {[%clk 0:00:51]} 41. Ke2
{[%clk 0:02:36]} Kf6 {[%clk 0:27:17]} 42. Nd3 {[%clk 0:25:47]} g5
{[%clk 0:26:44]} 43. Ra5 {[%clk 0:24:13]} g4 {[%clk 0:14:50]} 44. Nf2
{[%clk 0:20:56]} Re8+ {[%clk 0:14:56]} 45. Kd3 {[%clk 0:20:23]} Rd8+
{[%clk 0:14:20]} 46. Ke3 {[%clk 0:20:06]} Re8+ {[%clk 0:08:53]} 47. Kf4
{[%clk 0:19:28]} Re2 {[%clk 0:08:01]} 48. Nxg4+ {[%clk 0:19:53]} 1-0

[Event "Extraliga 2018/2019"]
[Site "Praha"]
[Date "2019.01.12"]
[Round "5.2"]
[White "DUR2 Sadzikowski Daniel GM 2558"]
[Black "UNA2 Michalik Peter GM 2555"]
[Result "0-1"]
[BlackElo "2555"]
[WhiteElo "2558"]
[LiveChessVersion "1.4.8"]

1. e4 {[%clk 1:30:51]} c5 {[%clk 1:30:31]} 2. Nf3 {[%clk 1:31:15]} Nc6
{[%clk 1:30:58]} 3. d4 {[%clk 1:30:46]} cxd4 {[%clk 1:31:20]} 4. Nxd4
{[%clk 1:31:13]} Nf6 {[%clk 1:31:42]} 5. Nc3 {[%clk 1:31:39]} e5 {[%clk 1:32:07]}
6. Ndb5 {[%clk 1:31:59]} d6 {[%clk 1:32:32]} 7. Nd5 {[%clk 1:29:09]} Nxd5
{[%clk 1:32:53]} 8. exd5 {[%clk 1:29:37]} Nb8 {[%clk 1:32:14]} 9. a4
{[%clk 1:29:59]} Be7 {[%clk 1:32:20]} 10. Be2 {[%clk 1:30:25]} O-O
{[%clk 1:32:33]} 11. O-O {[%clk 1:30:52]} a6 {[%clk 1:31:27]} 12. Na3
{[%clk 1:29:20]} Nd7 {[%clk 1:30:00]} 13. Nc4 {[%clk 1:27:54]} a5
{[%clk 1:22:22]} 14. Kh1 {[%clk 0:56:24]} Nb6 {[%clk 1:19:01]} 15. Nxb6
{[%clk 0:53:12]} Qxb6 {[%clk 1:19:26]} 16. Bb5 {[%clk 0:53:38]} f5
{[%clk 1:15:12]} 17. f4 {[%clk 0:53:58]} Bf6 {[%clk 1:13:02]} 18. Ra3
{[%clk 0:51:52]} exf4 {[%clk 1:12:03]} 19. Bxf4 {[%clk 0:51:59]} Qc7
{[%clk 0:48:56]} 20. Rb3 {[%clk 0:41:10]} Bd7 {[%clk 0:27:31]} 21. Bxd7
{[%clk 0:41:00]} Qxd7 {[%clk 0:27:57]} 22. Rb6 {[%clk 0:41:22]} Rfe8
{[%clk 0:27:21]} 23. Rxd6 {[%clk 0:31:53]} Qxa4 {[%clk 0:27:45]} 24. b3
{[%clk 0:22:56]} Qe4 {[%clk 0:27:48]} 25. Rxf6 {[%clk 0:20:15]} gxf6
{[%clk 0:28:05]} 26. d6 {[%clk 0:20:26]} Rad8 {[%clk 0:24:50]} 27. Bg3
{[%clk 0:18:17]} Kg7 {[%clk 0:24:40]} 28. c4 {[%clk 0:14:32]} Kg6
{[%clk 0:21:39]} 29. c5 {[%clk 0:10:01]} Qe2 {[%clk 0:20:59]} 30. Qb1
{[%clk 0:09:18]} Re4 {[%clk 0:20:47]} 31. Re1 {[%clk 0:07:11]} Qg4
{[%clk 0:21:07]} 32. Rd1 {[%clk 0:04:37]} Re2 {[%clk 0:20:45]} 33. Kg1
{[%clk 0:01:25]} h5 {[%clk 0:20:13]} 34. Qd3 {[%clk 0:01:02]} Qe4
{[%clk 0:14:57]} 35. Qxe4 {[%clk 0:01:06]} Rxe4 {[%clk 0:15:15]} 36. Be1
{[%clk 0:01:09]} a4 {[%clk 0:13:06]} 37. Ba5 {[%clk 0:01:37]} Rd7
{[%clk 0:13:32]} 38. b4 {[%clk 0:01:32]} Kf7 {[%clk 0:11:29]} 39. Ra1
{[%clk 0:01:04]} b5 {[%clk 0:07:26]} 40. cxb6 {[%clk 0:00:42]} Ke6
{[%clk 0:05:12]} 41. Rxa4 {[%clk 0:29:23]} Kxd6 {[%clk 0:34:08]} 42. Ra2
{[%clk 0:28:55]} Kc6 {[%clk 0:25:36]} 43. Rc2+ {[%clk 0:27:54]} Kb7
{[%clk 0:26:02]} 44. Kf2 {[%clk 0:27:45]} Red4 {[%clk 0:21:24]} 45. Ke3
{[%clk 0:24:16]} Rd1 {[%clk 0:17:09]} 46. Kf4 {[%clk 0:14:41]} Rf1+
{[%clk 0:16:50]} 47. Kg3 {[%clk 0:13:55]} Rg7+ {[%clk 0:15:18]} 48. Kh3
{[%clk 0:12:53]} f4 {[%clk 0:13:22]} 49. Kh4 {[%clk 0:11:10]} Rg1
{[%clk 0:11:32]} 50. h3 {[%clk 0:10:56]} R1xg2 {[%clk 0:11:34]} 51. Rc4
{[%clk 0:11:25]} R7g4+ {[%clk 0:10:04]} 52. Kxh5 {[%clk 0:11:42]} Rg5+
{[%clk 0:10:25]} 53. Kh4 {[%clk 0:08:58]} Rg7 {[%clk 0:10:43]} 0-1

[Event "Extraliga 2018/2019"]
[Site "Praha"]
[Date "2019.01.12"]
[Round "5.7"]
[White "UNA7 Jurcik Marian GM 2451"]
[Black "DUR10 Cerveny Martin IM 2329"]
[Result "1/2-1/2"]
[BlackElo "2329"]
[WhiteElo "2451"]
[LiveChessVersion "1.4.8"]

1. e4 {[%clk 1:30:17]} c5 {[%clk 1:30:54]} 2. Ne2 {[%clk 1:29:50]} d6
{[%clk 1:30:41]} 3. g3 {[%clk 1:30:12]} h5 {[%clk 1:28:34]} 4. h3
{[%clk 1:26:50]} h4 {[%clk 1:28:38]} 5. g4 {[%clk 1:27:08]} e5 {[%clk 1:27:20]}
6. Nbc3 {[%clk 1:17:05]} Ne7 {[%clk 1:26:37]} 7. d3 {[%clk 1:14:28]} d5
{[%clk 1:08:38]} 8. exd5 {[%clk 1:13:21]} Nxd5 {[%clk 1:08:46]} 9. Bg2
{[%clk 1:11:24]} Be6 {[%clk 1:09:02]} 10. O-O {[%clk 1:06:07]} Nc6
{[%clk 1:06:43]} 11. f4 {[%clk 1:05:15]} exf4 {[%clk 1:05:06]} 12. Bxd5
{[%clk 1:04:58]} Bxd5 {[%clk 1:05:10]} 13. Nxf4 {[%clk 1:05:24]} Be6
{[%clk 1:03:41]} 14. Nxe6 {[%clk 1:02:12]} fxe6 {[%clk 1:04:07]} 15. Ne4
{[%clk 1:01:47]} Be7 {[%clk 1:02:01]} 16. Be3 {[%clk 1:00:48]} Qd5
{[%clk 1:00:17]} 17. Qd2 {[%clk 0:55:33]} b6 {[%clk 0:53:16]} 18. Qc3
{[%clk 0:53:18]} Nd4 {[%clk 0:52:53]} 19. Rf2 {[%clk 0:38:40]} Rf8
{[%clk 0:52:57]} 20. Raf1 {[%clk 0:37:15]} Rxf2 {[%clk 0:53:11]} 21. Rxf2
{[%clk 0:37:40]} Rd8 {[%clk 0:50:31]} 22. Bxd4 {[%clk 0:33:12]} cxd4
{[%clk 0:49:15]} 23. Qc7 {[%clk 0:32:32]} Rd7 {[%clk 0:43:02]} 24. Qb8+
{[%clk 0:30:28]} Rd8 {[%clk 0:43:27]} 25. Qc7 {[%clk 0:23:37]} Rd7
{[%clk 0:43:16]} 26. Qf4 {[%clk 0:23:04]} Bd6 {[%clk 0:36:18]} 27. Qg5
{[%clk 0:10:23]} Qxg5 {[%clk 0:25:41]} 28. Nxg5 {[%clk 0:10:46]} Bg3
{[%clk 0:26:05]} 29. Re2 {[%clk 0:07:38]} e5 {[%clk 0:26:25]} 30. Kg2
{[%clk 0:06:00]} Ke7 {[%clk 0:26:16]} 31. Nf3 {[%clk 0:01:39]} Ke6
{[%clk 0:23:34]} 32. a4 {[%clk 0:00:45]} Kd5 {[%clk 0:19:03]} 33. Nd2
{[%clk 0:01:02]} Bf4 {[%clk 0:19:04]} 34. Ne4 {[%clk 0:01:16]} Kc6
{[%clk 0:17:46]} 35. g5 {[%clk 0:00:46]} Rf7 {[%clk 0:18:11]} 36. Rf2
{[%clk 0:00:50]} Kd5 {[%clk 0:18:17]} 37. Kf1 {[%clk 0:00:50]} Ke6
{[%clk 0:17:58]} 38. Ke2 {[%clk 0:00:54]} Rc7 {[%clk 0:14:03]} 39. Kf3
{[%clk 0:00:35]} Be3 {[%clk 0:13:20]} 40. Rg2 {[%clk 0:00:40]} Rf7+
{[%clk 0:13:42]} 41. Kg4 {[%clk 0:25:08]} Rf8 {[%clk 0:31:34]} 42. Kxh4
{[%clk 0:23:14]} Kf5 {[%clk 0:31:55]} 43. Kg3 {[%clk 0:19:30]} Bxg5
{[%clk 0:32:17]} 44. Nxg5 {[%clk 0:09:32]} Kxg5 {[%clk 0:32:45]} 45. h4+
{[%clk 0:09:21]} Kg6 {[%clk 0:28:54]} 46. Kh3+ {[%clk 0:08:40]} Kh6
{[%clk 0:29:16]} 47. Rg5 {[%clk 0:05:10]} Rf2 {[%clk 0:28:36]} 48. Rxe5
{[%clk 0:05:36]} Rxc2 {[%clk 0:29:02]} 49. Rd5 {[%clk 0:05:56]} Rxb2
{[%clk 0:29:26]} 50. Rxd4 {[%clk 0:06:17]} a5 {[%clk 0:27:13]} 51. Kg3
{[%clk 0:01:21]} Rb4 {[%clk 0:24:14]} 52. Rg4 {[%clk 0:00:37]} g6
{[%clk 0:23:39]} 53. Kf3 {[%clk 0:00:57]} Kh5 {[%clk 0:20:44]} 54. Rg5+
{[%clk 0:01:25]} Kxh4 {[%clk 0:21:08]} 55. Rxg6 {[%clk 0:01:49]} Kh5
{[%clk 0:21:35]} 56. Rc6 {[%clk 0:01:37]} Kg5 {[%clk 0:22:04]} 57. Rc4
{[%clk 0:00:53]} Kf5 {[%clk 0:21:19]} 58. Ke3 {[%clk 0:00:39]} Rb3
{[%clk 0:19:11]} 59. Re4 {[%clk 0:00:53]} b5 {[%clk 0:18:17]} 1/2-1/2